00469nam a2200109Ia 4500008004100000082000800041100001700049245016900066942000600235952010300241999001500344240331s9999 xx 000 0 und d bJEB aJebanesan, S 4aThe development of Tamilian thought in the nineteenth century Sri Lanka :bThe contribution of the higher educational enterprise of the American Missionaries-Thesis cL 001040708LaWERCLbWERCLcSSCd2024-03-31l0o 378.0995493 JEBp2734r2024-03-31w2024-03-31yL c3210d3210